Movies Quiz

Random Movies or Famous Quiz
Score 0/20 Timer 05:00
23 Plays Today
% Correct
Julie Andrews - The Sound of Music
90.4%
Dan Aykroyd - Ghost Busters
90.3%
Tim Allen - Toy Story
86.2%
Rowan Atkinson - Johnny English
85.5%
Ben Affleck - Argo
82.8%
Kirstie Alley - Look Who's Talking
82.4%
Sean Astin - The Lord of the Rings
82.1%
Fred Astaire - Top Hat
80.1%
David Arquette - Scream
77.4%
Jessica Alba - Sin City
77.2%
% Correct
Amy Adams - Man of Steel
76.8%
Ursula Andress - Dr. No
75%
Alan Arkin - Little Miss Sunshine
74.3%
Hank Azaria - The Simpsons Movie
73.9%
Woody Allen - Annie Hall
73.5%
Jennifer Aniston - Office Space
70.7%
Gemma Arterton - Quantum of Solace
66.8%
Joan Allen - Face|Off
65.7%
F. Murray Abraham - Last Action Hero
64.3%
Alan Alda - Manhattan Murder Mystery
57%

You're not logged in!

Compare scores with friends on all Sporcle quizzes.
OR
Log In

Sporcle TV

Today on Sporcle TV


Watch our educational content, quiz creation guides, and fun videos on Sporcle TV.

Show Comments

Extras

Top Quizzes Today


Score Distribution

Paid Content

Your Account Isn't Verified!

In order to create a playlist on Sporcle, you need to verify the email address you used during registration. Go to your Sporcle Settings to finish the process.

Report this User

Report this user for behavior that violates our Community Guidelines.

Details: